000 00557nam a2200181Ia 4500
008 090201s9999 xx 000 0 und d
010 _aKPL-74734
040 _bमराठी
041 _aमराठी
082 _a55266
_b74734
100 _aप्र. के. घाणेकर
245 _aडोळस भटकंती
_cप्र. के. घाणेकर
250 _a1
260 _c2008
_bस्नेहल प्रकाशन
300 _a223
_bमध्यम
600 _aडोळस भटकंती
942 _cBOOK
999 _c251554
_d251554